000 00831nam a2200241Ia 4500
003 OSt
005 20220923214938.0
006 a|||||r|||| 00| 0
007 ta
008 220922b |||||||| |||| 00| 0 hin d
024 _a173,986
037 _cTextual
040 _aARTS
_cARTS
_bhin
041 _2hin
_ahin
082 _aO152,8N28x, L5
100 _aवर्मा, केशव चन्द्र
245 0 _aज्यादातर गलत
_b कुछ सही भी
246 _aJyādātar galat ....: kuchh sahī bhī
260 _aदिल्ली
_b भारतीय ज्ञानपीठ
_c1975
650 _aहिन्दी साहित्य
_9156264
942 _hO152,8N28x, L5
_cTEXL
_2CC
999 _c327805
_d327805